Mastering Finance. 1 Príloha

Prvá časť seriálu o finančných trhoch. Preklad z príspevkov anglických a amerických odborníkov z oblasti financií. Z obsahu prílohy: Riziko a návratnosť investícií do akcií a obligácií. Úlohy finančných trhov. Teória hypotézy o efektívnych trhoch. Investičné rozpočtovanie pri vyhodnocovaní výhodnost...

Ausführliche Beschreibung

Gespeichert in:
Bibliographische Detailangaben
Format: Buchkapitel
Sprache:Slowakisch
Schlagworte:
Tags: Tag hinzufügen
Keine Tags, Fügen Sie das erste Tag hinzu!

MARC

LEADER 00000naa a2200000 4500
001 r027451
005 20251104124511.6
041 0 |a slo 
044 |a SK 
245 1 0 |a Mastering Finance. 1  |b Príloha 
520 |a Prvá časť seriálu o finančných trhoch. Preklad z príspevkov anglických a amerických odborníkov z oblasti financií. Z obsahu prílohy: Riziko a návratnosť investícií do akcií a obligácií. Úlohy finančných trhov. Teória hypotézy o efektívnych trhoch. Investičné rozpočtovanie pri vyhodnocovaní výhodnosti projektu. Význam cenového modelu kapitálových aktív ako nástroja moderného finančníctva. Hodnotiace prístupy ku skupovaniu akcií na dlh. 
610 2 0 |a trh finančný 
610 2 0 |a teória trhov efektívnych 
610 2 0 |a akcie 
610 2 0 |a obligácie 
610 2 0 |a investovanie 
610 2 0 |a riziko 
610 2 0 |a trh kapitálový 
610 2 0 |a nástroje investičné